Jawaharlal Nehru: (Record no. 163820)

MARC details
000 -LEADER
fixed length control field 00595nam a2200193 4500
005 - DATE AND TIME OF LATEST TRANSACTION
control field 20190501152602.0
010 ## - LCCN (DPL NO)
LC control number A-710350
035 ## - SYSTEM CONTROL NUMBER
System control number A-710350
037 ## - SOURCE OF ACQUISITION
Source of stock number/acquisition DBAD/PUB
082 ## - DEWEY DECIMAL CLASSIFICATION NUMBER
Classification number 909
100 ## - MAIN ENTRY--PERSONAL NAME
Personal name Nehru,Jawaharlal
245 ## - TITLE STATEMENT
Title Jawaharlal Nehru:
Remainder of title Glimses of World History/
Statement of responsibility, etc by Jawaharlal Nehru
260 ## - PUBLICATION, DISTRIBUTION, ETC. (IMPRINT)
Place of publication, distribution, etc New delhi
Name of publisher, distributor, etc Oxford University Press
Date of publication, distribution, etc 1985
270 ## - ADDRESS
Address YMCA library building,jai singh road,
City New Delhi
Postal code 110001
300 ## - PHYSICAL DESCRIPTION
Extent xxii,992p.
Other physical details ill.
Dimensions 21cms(hbk)
500 ## - GENERAL NOTE
General note It includes index
942 ## - ADDED ENTRY ELEMENTS (KOHA)
Source of classification or shelving scheme Dewey Decimal Classification
Item type English Books
Classification part 909
Call number suffix NEH
Holdings
Withdrawn status Lost status Not for loan Collection code Home library Current library Date acquired Source of acquisition Full call number Barcode Koha item type
      Non-fiction Central Library Central Library 01/05/2019 DBAD/PUB 909 NEH A-710350 English Books

© Delhi Public Library
Hit Counter
free hit counter